Návrh pracovného prostredia na vybranom pracovisku podniku

Na minha lista:
Detalhes bibliográficos
Autor principal: Vinceová, Petra (Author)
Outros Autores: Sablik, Jozef (Thesis advisor)
Formato: Manuscrito Livro
Idioma:eslovaco
Publicado em: 2017
Assuntos:
Acesso em linha:http://is.stuba.sk/zp/portal_zp.pl?podrobnosti=129917
Tags: Adicionar Tag
Sem tags, seja o primeiro a adicionar uma tag!

MARC

LEADER 00000ntm a22000003a 4500
001 stuzp63810
003 SK-STU
005 20170603210747.0
007 ta
008 150427s2015----xo-----f-mn---000-0-slo-d
040 |a STU  |b slo 
041 0 |a slo 
100 1 |a Vinceová, Petra  |u 064000  |k Z4  |4 aut  |U MTF Materiálovotechnologická fakulta  |T MTF Ústav priemyselného inžinierstva a manažmentu  |X 42343  |U M4000  |Y 84  |7 42343 
242 0 1 |a Draft working environment at the selected department of the company  |y eng 
245 1 0 |a Návrh pracovného prostredia na vybranom pracovisku podniku 
260 |c 2017 
650 4 |a faktory pracovného prostredia  |2 slo 
650 4 |a pracovisko  |2 slo 
650 4 |a pracovné prostredie  |2 slo 
650 4 |a work environment  |2 eng 
650 4 |a work environment factors  |2 eng 
650 4 |a workplace  |2 eng 
700 1 |a Sablik, Jozef  |u 064000  |k Z1  |4 ths  |U MTF Materiálovotechnologická fakulta  |T MTF Ústav priemyselného inžinierstva a manažmentu  |X 324  |U M4000  |Y 84  |7 A000000324 
856 4 |u http://is.stuba.sk/zp/portal_zp.pl?podrobnosti=129917 
996 |c M* DP-13301  |l MMSKP  |s P  |a 0  |w stuzp63810_0001